[Event "CAN-op"]
[Site "Victoria CAN"]
[Date "2012.07.08"]
[Round "2"]
[White "Li, Kevin"]
[Black "Perelshteyn, Eugene"]
[Result "0-1"]
[WhiteElo "2097"]
[BlackElo "2525"]
[PlyCount "108"]
[GameId "2160767909442546"]
[EventDate "2012.07.08"]
[EventType "swiss"]
[EventRounds "9"]
[EventCountry "CAN"]
[SourceTitle "CBM 149 Extra"]
[Source "ChessBase"]
[SourceDate "2012.08.24"]
[SourceVersion "1"]
[SourceVersionDate "2012.08.24"]
[SourceQuality "1"]

1. e4 c5 2. Nf3 g6 3. Nc3 Bg7 4. d4 cxd4 5. Nxd4 Nc6 6. Be3 Nf6 7. f3 O-O 8. Bc4 Qb6 9. Qd2 Nxe4 10. fxe4 Bxd4 11. Bxd4 Qxd4 12. Qxd4 Nxd4 13. O-O-O Nc6 14. Nd5 Kg7 15. Bb5 Rb8 16. Rhe1 a6 17. Bxc6 dxc6 18. Nb6 Bg4 19. Rd3 Rbd8 20. Rde3 e5 21. Nc4 f6 22. Na5 Rf7 23. Rb3 Bc8 24. Rbe3 Be6 25. Nb3 b6 26. Nd2 Rfd7 27. Nf3 a5 28. b3 c5 29. c4 g5 30. R1e2 Rd1+ 31. Kc2 Bg4 32. Rf2 a4 33. h3 axb3+ 34. axb3 Bh5 35. g4 Bg6 36. Rd2 R8xd2+ 37. Nxd2 Rh1 38. Nb1 h5 39. Nc3 hxg4 40. hxg4 Rg1 41. Nd5 Rxg4 42. Kd3 f5 43. exf5 Bxf5+ 44. Ke2 e4 45. Nxb6 Kf6 46. b4 cxb4 47. Nd5+ Ke5 48. Nxb4 Rg2+ 49. Kf1 Rh2 50. Kg1 Rd2 51. Ra3 Be6 52. c5 Kf4 53. Kf1 Rd4 54. Nc2 Rd1+ 0-1

[Event "CAN-op"]
[Site "Victoria CAN"]
[Date "2012.07.08"]
[Round "2"]
[White "Longo, Tyler"]
[Black "Xiao, Alice"]
[Result "1-0"]
[WhiteElo "1909"]
[BlackElo "1877"]
[PlyCount "77"]
[GameId "2160767909442547"]
[EventDate "2012.07.08"]
[EventType "swiss"]
[EventRounds "9"]
[EventCountry "CAN"]
[SourceTitle "CBM 149 Extra"]
[Source "ChessBase"]
[SourceDate "2012.08.24"]
[SourceVersion "1"]
[SourceVersionDate "2012.08.24"]
[SourceQuality "1"]

1. d4 d5 2. Nf3 Nf6 3. e3 Bg4 4. c4 e6 5. Qb3 Qc8 6. Ne5 Bf5 7. Bd2 Bd6 8. Bb4 O-O 9. Bxd6 cxd6 10. Nf3 dxc4 11. Bxc4 d5 12. Be2 Qc1+ 13. Bd1 Bxb1 14. O-O Bxa2 15. Rxa2 Qc7 16. Bc2 Nc6 17. Rc1 Qe7 18. h3 Rfc8 19. Bd3 a6 20. Raa1 Nb4 21. Be2 Ne4 22. Ne5 f6 23. Nd3 Nxd3 24. Bxd3 Nd6 25. Rc5 Rxc5 26. dxc5 Nf7 27. e4 Rd8 28. exd5 exd5 29. Rd1 Kh8 30. Bb1 Nh6 31. Kf1 Qxc5 32. Qxb7 Qd6 33. Rc1 a5 34. Rc7 Rg8 35. Ba2 Nf5 36. Bxd5 Rd8 37. g4 Nh6 38. Rxg7 Qf8 39. Rxh7# 1-0

[Event "CAN-op"]
[Site "Victoria CAN"]
[Date "2012.07.08"]
[Round "2"]
[White "McLaren, Brian"]
[Black "Molden, Leonard"]
[Result "1-0"]
[WhiteElo "2177"]
[BlackElo "1840"]
[PlyCount "77"]
[GameId "2160767909442548"]
[EventDate "2012.07.08"]
[EventType "swiss"]
[EventRounds "9"]
[EventCountry "CAN"]

1. e4 b6 2. d4 Bb7 3. f3 d5 4. e5 Ba6 5. Ne2 e6 6. Be3 Ne7 7. Bf2 Nf5 8. c3 Qd7 9. g4 Ne7 10. Bg2 Ng6 11. Bg3 Be7 12. f4 Nh4 13. Bxh4 Bxh4+ 14. Ng3 O-O 15. Nd2 Qb5 16. Nb3 f6 17. Bf1 Qd7 18. Bxa6 Nxa6 19. Qe2 Qc8 20. exf6 Rxf6 21. O-O Bxg3 22. hxg3 c6 23. Kg2 Nc7 24. g5 Rf7 25. Nd2 Ne8 26. Nf3 Nd6 27. Rh1 Re7 28. Rh3 Nf7 29. Rah1 h6 30. gxh6 Nxh6 31. Ng5 Qf8 32. Rh5 Qf5 33. Nf3 Qf6 34. Ne5 c5 35. Ng4 Nxg4 36. Rh8+ Kf7 37. Rxa8 Nh6 38. Qh5+ Qg6 39. Rf8+ 1-0

[Event "CAN-op"]
[Site "Victoria CAN"]
[Date "2012.07.08"]
[Round "2"]
[White "Milne, Arthur"]
[Black "Gates, David"]
[Result "1-0"]
[WhiteElo "1911"]
[BlackElo "1705"]
[PlyCount "91"]
[GameId "2160767909442549"]
[EventDate "2012.07.08"]
[EventType "swiss"]
[EventRounds "9"]
[EventCountry "CAN"]
[SourceTitle "EXT 2022"]
[Source "ChessBase"]
[SourceDate "2021.10.06"]
[SourceVersion "1"]
[SourceVersionDate "2021.10.06"]
[SourceQuality "1"]

1. b3 d5 2. Bb2 Nc6 3. Nf3 Bg4 4. h3 Bxf3 5. exf3 e6 6. Bb5 Nf6 7. O-O Be7 8. d3 O-O 9. Bxc6 bxc6 10. Nd2 c5 11. f4 d4 12. Nc4 Nd5 13. Qf3 Bd6 14. Nxd6 cxd6 15. f5 Qf6 16. g4 Ne7 17. Bc1 exf5 18. g5 Qe6 19. Bf4 Ng6 20. Rfe1 Qd7 21. Bd2 f4 22. Kh2 Qf5 23. Rg1 Ne5 24. Qe2 Rfe8 25. Rae1 Re6 26. Qh5 g6 27. Qd1 Rae8 28. f3 f6 29. h4 fxg5 30. Rxg5 Qf6 31. Re4 h6 32. Rxf4 Qe7 33. Rg3 g5 34. hxg5 hxg5 35. Re4 Rh6+ 36. Kg2 Qh7 37. Rxg5+ Kh8 38. Bf4 Rf8 39. Rexe5 dxe5 40. Bxe5+ Rff6 41. Qe2 Qd7 42. Bxf6+ Rxf6 43. Qe5 Qf7 44. Kf2 Kh7 45. Rh5+ Kg8 46. Qb8+ 1-0

[Event "CAN-op"]
[Site "Victoria CAN"]
[Date "2012.07.08"]
[Round "2"]
[White "Moore, Harry"]
[Black "Cao, Jason"]
[Result "0-1"]
[WhiteElo "2283"]
[BlackElo "2016"]
[PlyCount "48"]
[GameId "2160767909442550"]
[EventDate "2012.07.08"]
[EventType "swiss"]
[EventRounds "9"]
[EventCountry "CAN"]
[SourceTitle "CBM 149 Extra"]
[Source "ChessBase"]
[SourceDate "2012.08.24"]
[SourceVersion "1"]
[SourceVersionDate "2012.08.24"]
[SourceQuality "1"]

1. c4 Nf6 2. Nf3 g6 3. g3 Bg7 4. Bg2 O-O 5. O-O d6 6. d4 Nc6 7. Nc3 a6 8. d5 Na5 9. Nd2 c5 10. Qc2 Rb8 11. b3 b5 12. Bb2 e5 13. dxe6 Bxe6 14. Nd5 bxc4 15. Nxf6+ Bxf6 16. Bxf6 Qxf6 17. Nxc4 Nxc4 18. bxc4 Rb4 19. Bd5 Bxd5 20. cxd5 Rb2 21. Qd3 Re8 22. Qf3 Qxf3 23. exf3 Ree2 24. Rae1 Red2 0-1

[Event "CAN-op"]
[Site "Victoria CAN"]
[Date "2012.07.08"]
[Round "2"]
[White "Patterson, Roger"]
[Black "MacKay, Arnold"]
[Result "1-0"]
[WhiteElo "2080"]
[BlackElo "1850"]
[PlyCount "145"]
[GameId "2160767909442551"]
[EventDate "2012.07.08"]
[EventType "swiss"]
[EventRounds "9"]
[EventCountry "CAN"]

1. e4 e6 2. d4 d5 3. Nc3 Nf6 4. e5 Nfd7 5. Nce2 c5 6. c3 Nc6 7. f4 cxd4 8. cxd4 Bb4+ 9. Bd2 Qa5 10. Nf3 Bxd2+ 11. Qxd2 Qxd2+ 12. Kxd2 g6 13. Nc3 a6 14. Rc1 Nb6 15. b3 Bd7 16. Bd3 h5 17. g3 Rc8 18. h3 Ke7 19. Ne2 Nb4 20. Bb1 Rxc1 21. Rxc1 Rc8 22. Rxc8 Nxc8 23. g4 hxg4 24. hxg4 f5 25. exf6+ Kxf6 26. Bxg6 Nxa2 27. Ne5 Nb6 28. Ng3 Nb4 29. g5+ Ke7 30. Nh5 Nc6 31. Nxc6+ Bxc6 32. Bh7 Be8 33. g6 Bxg6 34. Bxg6 Nd7 35. Ke3 b5 36. f5 exf5 37. Bxf5 Nb6 38. Bd3 Kd6 39. Kf4 Nc4 40. Ng7 Na5 41. Bc2 Nc6 42. Nf5+ Ke6 43. Bd1 b4 44. Bc2 a5 45. Kg5 a4 46. bxa4 Na5 47. Ne3 b3 48. Bf5+ Kd6 49. Bd3 b2 50. Kf4 Nb3 51. Nf5+ Kc6 52. Ke5 Kb6 53. Kxd5 Nd2 54. Ne3 b1=Q 55. Bxb1 Nxb1 56. Nc4+ Kc7 57. a5 Nc3+ 58. Kc5 Ne4+ 59. Kb5 Kb7 60. d5 Nf6 61. d6 Nd7 62. Nb6 Nb8 63. Na4 Ka7 64. Nc5 Ka8 65. d7 Nc6 66. Ne6 Kb7 67. d8=N+ Nxd8 68. Nxd8+ Ka7 69. a6 Kb8 70. Kb6 Ka8 71. Nf7 Kb8 72. Nd6 Ka8 73. Nb5 1-0

[Event "CAN-op"]
[Site "Victoria CAN"]
[Date "2012.07.08"]
[Round "2"]
[White "Porper, Edward"]
[Black "Doubleday, William"]
[Result "1/2-1/2"]
[WhiteElo "2421"]
[BlackElo "2064"]
[PlyCount "112"]
[GameId "2160767909442553"]
[EventDate "2012.07.08"]
[EventType "swiss"]
[EventRounds "9"]
[EventCountry "CAN"]
[SourceTitle "CBM 149 Extra"]
[Source "ChessBase"]
[SourceDate "2012.08.24"]
[SourceVersion "1"]
[SourceVersionDate "2012.08.24"]
[SourceQuality "1"]

1. d4 d5 2. c4 c6 3. Nc3 Nf6 4. e3 e6 5. Bd2 Nbd7 6. Rc1 Bd6 7. cxd5 exd5 8. Bd3 O-O 9. Nge2 Re8 10. f3 c5 11. O-O a6 12. g4 h6 13. Qe1 Nf8 14. Qf2 Ne6 15. h4 Bd7 16. b3 Rc8 17. Bb1 b5 18. dxc5 Bxc5 19. Nd4 Qb6 20. Nce2 Nxd4 21. Nxd4 b4 22. Kh1 Re7 23. Rce1 Rce8 24. Rg1 Bxd4 25. exd4 Rxe1 26. Rxe1 a5 27. Re3 Qd6 28. Kg2 Kf8 29. Qe2 Qb6 30. Rxe8+ Nxe8 31. Qe5 Nc7 32. g5 hxg5 33. hxg5 Nb5 34. Qxd5 Qxd4 35. Qxd4 Nxd4 36. Kf2 Bf5 37. Bxf5 Nxf5 38. Bf4 Nd4 39. Bc7 Nc6 40. Ke3 Ke7 41. Kd3 Kd7 42. Bb6 a4 43. f4 f6 44. gxf6 gxf6 45. Kc4 axb3 46. axb3 Ke6 47. Kc5 Ne7 48. Bc7 Kf5 49. Kd4 Ng6 50. Ke3 Kg4 51. Bd6 f5 52. Bxb4 Nxf4 53. Bd2 Ne6 54. b4 Kg3 55. Be1+ Kg2 56. b5 Nc7 1/2-1/2

[Event "CAN-op"]
[Site "Victoria CAN"]
[Date "2012.07.08"]
[Round "2"]
[White "Raymer, Elliot"]
[Black "Pechisker, Alfred"]
[Result "1-0"]
[WhiteElo "1818"]
[BlackElo "2278"]
[PlyCount "67"]
[GameId "2160767909442554"]
[EventDate "2012.07.08"]
[EventType "swiss"]
[EventRounds "9"]
[EventCountry "CAN"]

1. e4 c5 2. d4 cxd4 3. c3 dxc3 4. Nxc3 d6 5. Nf3 Nc6 6. Bc4 e6 7. O-O Nf6 8. Qe2 Be7 9. Rd1 e5 10. Be3 O-O 11. Bc5 a6 12. h3 Qc7 13. Ba3 b5 14. Bd5 Bb7 15. Rac1 Rad8 16. Bxc6 Qxc6 17. Nd5 Qe8 18. Nc7 Qd7 19. Nxe5 dxe5 20. Rxd7 Rxd7 21. Bxe7 Rxe7 22. Nd5 Nxd5 23. exd5 Bxd5 24. a3 f6 25. Qd2 Bc4 26. Qb4 Rfe8 27. b3 Bf7 28. a4 Rb7 29. Qd6 Bxb3 30. Qxa6 Reb8 31. axb5 Kf7 32. Rc8 Bd5 33. Rxb8 Rxb8 34. Qd6 1-0

[Event "CAN-op"]
[Site "Victoria CAN"]
[Date "2012.07.08"]
[Round "2"]
[White "Reeve, Jeff"]
[Black "Wu, Howard"]
[Result "0-1"]
[WhiteElo "2234"]
[BlackElo "2120"]
[PlyCount "62"]
[GameId "2160767909442555"]
[EventDate "2012.07.08"]
[EventType "swiss"]
[EventRounds "9"]
[EventCountry "CAN"]
[SourceTitle "CBM 149 Extra"]
[Source "ChessBase"]
[SourceDate "2012.08.24"]
[SourceVersion "1"]
[SourceVersionDate "2012.08.24"]
[SourceQuality "1"]

1. g3 c5 2. Bg2 Nc6 3. d3 g6 4. c3 Bg7 5. a4 d5 6. Nf3 Nf6 7. O-O O-O 8. Nbd2 Bf5 9. Nh4 Bg4 10. h3 Be6 11. f4 d4 12. c4 Bd7 13. Kh2 Qc7 14. Ndf3 Nh5 15. Bd2 e5 16. Ng5 exf4 17. gxf4 Ne7 18. Qe1 h6 19. Ne4 g5 20. Nf3 Nxf4 21. Qg3 Nf5 22. Bxf4 gxf4 23. Qf2 Rae8 24. Rg1 Bc6 25. Ned2 Ng3 26. Bf1 Kh8 27. b3 Re3 28. Re1 Rfe8 29. Rg2 R8e6 30. Kg1 Qa5 31. Rh2 Bxf3 0-1

[Event "CAN-op"]
[Site "Victoria CAN"]
[Date "2012.07.08"]
[Round "2"]
[White "Roback, Joe"]
[Black "Botez, Alexandra"]
[Result "0-1"]
[WhiteElo "1953"]
[BlackElo "2008"]
[PlyCount "72"]
[GameId "2160767909442556"]
[EventDate "2012.07.08"]
[EventType "swiss"]
[EventRounds "9"]
[EventCountry "CAN"]
[SourceTitle "CBM 149 Extra"]
[Source "ChessBase"]
[SourceDate "2012.08.24"]
[SourceVersion "1"]
[SourceVersionDate "2012.08.24"]
[SourceQuality "1"]

1. e4 e6 2. d4 d5 3. e5 c5 4. c3 Nc6 5. Nf3 Qb6 6. a3 cxd4 7. cxd4 Nge7 8. Bd3 Nf5 9. Bxf5 exf5 10. Nc3 Be6 11. O-O h6 12. b4 Be7 13. Bb2 O-O 14. Rc1 g5 15. Na4 Qb5 16. Re1 g4 17. Nd2 a5 18. Nc3 Qb6 19. Na4 Qb5 20. Nc3 Qd3 21. b5 Bg5 22. bxc6 Qxd2 23. cxb7 Qxd1 24. Nxd1 Rab8 25. Rc5 Rxb7 26. Bc3 a4 27. Ra5 Rc8 28. Rxa4 Rb3 29. Bb4 Rc4 30. Ra8+ Kh7 31. Bc5 Rc1 32. a4 Rbb1 33. g3 Rxd1 34. Rxd1 Rxd1+ 35. Kg2 f4 36. gxf4 Bxf4 0-1

[Event "CAN-op"]
[Site "Victoria CAN"]
[Date "2012.07.08"]
[Round "2"]
[White "Rohonyan, Katerina"]
[Black "Kenney, Jason"]
[Result "1-0"]
[WhiteElo "2294"]
[BlackElo "2136"]
[PlyCount "47"]
[GameId "2160767909442557"]
[EventDate "2012.07.08"]
[EventType "swiss"]
[EventRounds "9"]
[EventCountry "CAN"]
[SourceTitle "CBM 149 Extra"]
[Source "ChessBase"]
[SourceDate "2012.08.24"]
[SourceVersion "1"]
[SourceVersionDate "2012.08.24"]
[SourceQuality "1"]

1. e4 c5 2. Nc3 Nc6 3. Bb5 Nd4 4. Bc4 g6 5. Nf3 Bg7 6. Nxd4 cxd4 7. Qf3 e6 8. Ne2 Ne7 9. d3 O-O 10. h4 b5 11. Bb3 Bb7 12. Qh3 Qb6 13. h5 f6 14. a4 a6 15. hxg6 hxg6 16. Bh6 Bxh6 17. Qxh6 Kf7 18. Qh7+ Ke8 19. Qg7 Qd6 20. axb5 axb5 21. Rxa8+ Bxa8 22. Rh8 Nc6 23. Qxg6+ Kd8 24. Qxf6+ 1-0

[Event "CAN-op"]
[Site "Victoria CAN"]
[Date "2012.07.08"]
[Round "2"]
[White "Wu, Ruining (Ray)"]
[Black "Trochtchanovitch, Pavel"]
[Result "1/2-1/2"]
[WhiteElo "1835"]
[BlackElo "2014"]
[PlyCount "120"]
[GameId "2160767909442558"]
[EventDate "2012.07.08"]
[EventType "swiss"]
[EventRounds "9"]
[EventCountry "CAN"]

1. d4 d5 2. c4 c6 3. Nf3 Nf6 4. e3 e6 5. Nc3 Nbd7 6. Qc2 Bd6 7. Bd3 e5 8. cxd5 cxd5 9. dxe5 Nxe5 10. Be2 O-O 11. O-O Be6 12. Bd2 Rc8 13. Qa4 a6 14. Qd4 Nc4 15. Bc1 b5 16. a3 Qc7 17. Qd3 Ne5 18. Qc2 Nxf3+ 19. Bxf3 Bxh2+ 20. Kh1 Be5 21. Bd2 Ng4 22. Bxg4 Bxg4 23. Qd3 Qe7 24. f4 Qh4+ 25. Kg1 Bb8 26. Nxd5 Rc6 27. Be1 Qd8 28. Bb4 Bd6 29. Bc3 Bc5 30. Bb4 Bxb4 31. Nxb4 Rd6 32. Qc3 Re8 33. Rac1 Bf5 34. Nc6 Qb6 35. Nd4 Be4 36. Qc5 h6 37. Qxb6 Rxb6 38. g3 a5 39. Rc5 Reb8 40. Rfc1 a4 41. Rc8+ Rxc8 42. Rxc8+ Kh7 43. Rc5 Bd3 44. Rc3 Bc4 45. Kf2 Rd6 46. Rc2 g6 47. Rd2 f5 48. Kf3 Kg8 49. g4 Kf7 50. Rh2 fxg4+ 51. Kxg4 h5+ 52. Kf3 Rb6 53. Rc2 Rb8 54. Nc6 Rc8 55. Ne5+ Kf6 56. Rd2 Be6 57. Kg3 g5 58. Nf3 h4+ 59. Kf2 gxf4 60. Nxh4 fxe3+ 1/2-1/2

[Event "CAN-op"]
[Site "Victoria CAN"]
[Date "2012.07.08"]
[Round "2"]
[White "Yam, Alex"]
[Black "Ummel, Igor"]
[Result "1-0"]
[WhiteElo "2252"]
[BlackElo "2171"]
[PlyCount "73"]
[GameId "2160767909442559"]
[EventDate "2012.07.08"]
[EventType "swiss"]
[EventRounds "9"]
[EventCountry "CAN"]
[SourceTitle "CBM 149 Extra"]
[Source "ChessBase"]
[SourceDate "2012.08.24"]
[SourceVersion "1"]
[SourceVersionDate "2012.08.24"]
[SourceQuality "1"]

1. e4 c6 2. d3 d5 3. Nd2 e5 4. Ngf3 Bd6 5. g3 Nf6 6. Bg2 O-O 7. O-O Nbd7 8. b3 Qc7 9. Bb2 Re8 10. Re1 Nf8 11. a4 a5 12. Re2 Ng6 13. Qb1 Bd7 14. Qa2 Re7 15. Rae1 Rae8 16. Qa1 Bb4 17. Qc1 dxe4 18. dxe4 b5 19. Rd1 Qc8 20. Ne1 Bg4 21. f3 Bc5+ 22. Kh1 Bh3 23. Nd3 Bxg2+ 24. Kxg2 Bb6 25. Nf1 Nd7 26. Ne3 Nc5 27. Nf5 Rd7 28. Nxc5 Bxc5 29. Rxd7 Qxd7 30. Rd2 Qe6 31. axb5 cxb5 32. Rd5 Qc6 33. c4 b4 34. Qa1 Ra8 35. Bxe5 f6 36. Bd4 Bxd4 37. Qxd4 1-0

[Event "CAN-op"]
[Site "Victoria CAN"]
[Date "2012.07.08"]
[Round "2"]
[White "Zierk, Steven"]
[Black "Wagner, Bernd"]
[Result "1-0"]
[WhiteElo "2478"]
[BlackElo "2218"]
[PlyCount "105"]
[GameId "2160767909442560"]
[EventDate "2012.07.08"]
[EventType "swiss"]
[EventRounds "9"]
[EventCountry "CAN"]
[SourceTitle "CBM 149 Extra"]
[Source "ChessBase"]
[SourceDate "2012.08.24"]
[SourceVersion "1"]
[SourceVersionDate "2012.08.24"]
[SourceQuality "1"]

1. e4 e6 2. d4 d5 3. Nd2 Nc6 4. Ngf3 Nf6 5. e5 Nd7 6. Bd3 Nb4 7. Be2 f6 8. exf6 Nxf6 9. Ne5 Bd6 10. Ndf3 O-O 11. O-O c5 12. c3 Nc6 13. Bd3 cxd4 14. cxd4 Nxd4 15. Bxh7+ Nxh7 16. Qxd4 Bd7 17. b3 Be8 18. Bb2 Qe7 19. Rfe1 Bc5 20. Qd3 Ng5 21. Nd4 Qf6 22. f3 Qf4 23. Qe3 Qh4 24. Kh1 Bd6 25. Rad1 Rf6 26. Ne2 Rh6 27. Qf4 Qh5 28. Qg3 Nf7 29. Nf4 Qf5 30. Nc4 Bf8 31. Ne3 Qg5 32. Qxg5 Nxg5 33. Ng4 Rh4 34. Nxe6 Nxe6 35. Rxe6 Bd7 36. Rg6 Kh7 37. Rg5 Bxg4 38. fxg4 Rc8 39. g3 Rh6 40. Rgxd5 Re6 41. R1d2 Bb4 42. Rf2 Rc7 43. Re5 Rg6 44. Re4 Bd6 45. Kg2 a5 46. h4 Bc5 47. Rc2 b6 48. Bd4 Re7 49. Rxe7 Bxe7 50. Kf3 b5 51. Rc7 Re6 52. Rb7 Bf6 53. Rb6 1-0

[Event "CAN-op"]
[Site "Victoria CAN"]
[Date "2012.07.08"]
[Round "2.38"]
[White "Zhou, Jiehan"]
[Black "North, Robert"]
[Result "0-1"]
[WhiteElo "1734"]
[BlackElo "1913"]
[PlyCount "98"]
[GameId "2160767909442561"]
[EventDate "2012.07.08"]
[EventType "swiss"]
[EventRounds "9"]
[EventCountry "CAN"]
[SourceTitle "EXT 2022"]
[Source "ChessBase"]
[SourceDate "2021.10.06"]
[SourceVersion "1"]
[SourceVersionDate "2021.10.06"]
[SourceQuality "1"]

1. d4 Nf6 2. c4 g6 3. Nc3 d5 4. cxd5 Nxd5 5. e4 Nxc3 6. bxc3 Bg7 7. Bc4 c5 8. Ne2 O-O 9. O-O Nc6 10. Be3 Qc7 11. Rc1 Rd8 12. Qc2 Na5 13. Bb3 Nxb3 14. Qxb3 b6 15. Rc2 Ba6 16. Rd1 e5 17. d5 Bxe2 18. Rxe2 Qd6 19. c4 f5 20. f3 f4 21. Bf2 g5 22. Kh1 h5 23. Rg1 Kf7 24. g4 hxg4 25. Rxg4 Bf6 26. Kg2 Rh8 27. Re1 Rh7 28. Rh1 Rah8 29. a4 Rh3 30. Qb5 Bd8 31. Bg1 Qc7 32. a5 Qc8 33. Qb3 Qxg4+ 34. fxg4 Rxb3 35. h3 Rb1 36. Rh2 Rb2+ 37. Bf2 bxa5 38. Rh1 Bb6 39. Rd1 a4 40. Ra1 Rb4 41. Rc1 a3 42. Rc3 a2 43. Ra3 Rb2 44. Ra4 Rb8 45. Kf3 Rb7 46. Be1 Bc7 47. Bf2 R7b3+ 48. Kg2 Bb6 49. Ra6 Rc2 0-1

[Event "CAN-op"]
[Site "Victoria CAN"]
[Date "2012.07.09"]
[Round "3"]
[White "Barron, Michael"]
[Black "Babb, Jeff"]
[Result "1/2-1/2"]
[WhiteElo "2173"]
[BlackElo "2144"]
[PlyCount "116"]
[GameId "2160767909442562"]
[EventDate "2012.07.08"]
[EventType "swiss"]
[EventRounds "9"]
[EventCountry "CAN"]
[SourceTitle "CBM 149 Extra"]
[Source "ChessBase"]
[SourceDate "2012.08.24"]
[SourceVersion "1"]
[SourceVersionDate "2012.08.24"]
[SourceQuality "1"]

1. e4 e5 2. Nf3 Nc6 3. Bb5 a6 4. Ba4 Nf6 5. O-O Nxe4 6. d4 b5 7. Bb3 d5 8. dxe5 Be6 9. Be3 Be7 10. Nbd2 Qd7 11. Nxe4 dxe4 12. Qxd7+ Bxd7 13. Nd2 Nxe5 14. Nxe4 Bc6 15. Ng3 O-O 16. Rad1 Rad8 17. Bd4 Bf6 18. c3 g6 19. Rfe1 Ng4 20. Bc5 Rfe8 21. Rxd8 Bxd8 22. Rxe8+ Bxe8 23. f3 Ne5 24. Bc2 f5 25. Kf2 Bf7 26. b3 Nd7 27. Be3 Bf6 28. Ne2 Nb6 29. Bd4 Bxd4+ 30. Nxd4 Nd5 31. Ne2 c5 32. Bd3 Kf8 33. a3 Nb6 34. b4 Ke7 35. bxc5 Na4 36. c6 Kd6 37. Bc2 Nb6 38. Nd4 Bd5 39. g4 fxg4 40. fxg4 Bxc6 41. Nxc6 Kxc6 42. Ke2 Kc5 43. Bb3 Nc4 44. g5 a5 45. a4 bxa4 46. Bxa4 Ne5 47. Bb3 a4 48. Bxa4 Kc4 49. h4 Kxc3 50. Ke3 h6 51. gxh6 Ng4+ 52. Kf4 Nxh6 53. Bd7 Nf7 54. Ke4 Kd2 55. Kd5 Ke3 56. Ke6 Kf4 57. Kxf7 Kg3 58. Kxg6 Kxh4 1/2-1/2

[Event "CAN-op"]
[Site "Victoria CAN"]
[Date "2012.07.09"]
[Round "3"]
[White "Botez, Alexandra"]
[Black "Moore, Harry"]
[Result "0-1"]
[WhiteElo "2008"]
[BlackElo "2283"]
[PlyCount "58"]
[GameId "2160767909442563"]
[EventDate "2012.07.08"]
[EventType "swiss"]
[EventRounds "9"]
[EventCountry "CAN"]
[SourceTitle "CBM 149 Extra"]
[Source "ChessBase"]
[SourceDate "2012.08.24"]
[SourceVersion "1"]
[SourceVersionDate "2012.08.24"]
[SourceQuality "1"]

1. d4 Nf6 2. c4 c5 3. d5 e6 4. Nc3 exd5 5. cxd5 d6 6. Bf4 g6 7. Nf3 Bg7 8. h3 O-O 9. e3 Na6 10. Nd2 Nc7 11. Nc4 b5 12. Bxd6 bxc4 13. Bxf8 Bxf8 14. Bxc4 Bb7 15. e4 Qe7 16. Qe2 Re8 17. Bd3 c4 18. Bc2 Ncxd5 19. O-O Nxc3 20. bxc3 Nxe4 21. Bxe4 Qc5 22. Rab1 Rxe4 23. Qd2 Qc6 24. f3 Re8 25. Rfd1 Bc8 26. Re1 Be6 27. Re5 Bd6 28. Re4 Rd8 29. Qg5 Qc5+ 0-1

[Event "CAN-op"]
[Site "Victoria CAN"]
[Date "2012.07.09"]
[Round "3"]
[White "Cannon, Farley"]
[Black "Richardson, Ross"]
[Result "1-0"]
[WhiteElo "1720"]
[BlackElo "1956"]
[PlyCount "79"]
[GameId "2160767909442564"]
[EventDate "2012.07.08"]
[EventType "swiss"]
[EventRounds "9"]
[EventCountry "CAN"]
[SourceTitle "EXT 2022"]
[Source "ChessBase"]
[SourceDate "2021.10.06"]
[SourceVersion "1"]
[SourceVersionDate "2021.10.06"]
[SourceQuality "1"]

1. e4 c5 2. d4 cxd4 3. c3 dxc3 4. Nxc3 Nc6 5. Bc4 g6 6. Nf3 Bg7 7. O-O Nh6 8. h3 O-O 9. Bg5 Kh8 10. Qd2 Ng8 11. Rfd1 a6 12. Rac1 Nf6 13. e5 Ng8 14. Bf4 Qa5 15. Qe3 e6 16. Bb3 Nge7 17. Ba4 b5 18. Bb3 Nf5 19. Qc5 b4 20. Ne4 Qxc5 21. Rxc5 a5 22. Ba4 Ra7 23. Bxc6 dxc6 24. Rxc6 Ne7 25. Rc5 Nd5 26. Bg3 Nb6 27. Nd6 Bd7 28. Rdc1 Bh6 29. Rc7 Bxc1 30. Rxa7 Bc6 31. Nxf7+ Kg8 32. N7g5 Bxg5 33. Nxg5 Bd5 34. Nxh7 Rc8 35. Nf6+ Kf8 36. Rxa5 Nc4 37. Rb5 Nxb2 38. Rxb4 Nd3 39. Rd4 Rc1+ 40. Kh2 1-0

[Event "CAN-op"]
[Site "Victoria CAN"]
[Date "2012.07.09"]
[Round "3"]
[White "Cao, Jason"]
[Black "Yam, Alex"]
[Result "0-1"]
[WhiteElo "2016"]
[BlackElo "2252"]
[PlyCount "44"]
[GameId "2160767909442565"]
[EventDate "2012.07.08"]
[EventType "swiss"]
[EventRounds "9"]
[EventCountry "CAN"]
[SourceTitle "CBM 149 Extra"]
[Source "ChessBase"]
[SourceDate "2012.08.24"]
[SourceVersion "1"]
[SourceVersionDate "2012.08.24"]
[SourceQuality "1"]

1. e4 d5 2. exd5 Qxd5 3. Nc3 Qd6 4. d4 c6 5. Nf3 Bg4 6. Be2 Nf6 7. O-O Nbd7 8. h3 Bh5 9. Bg5 e6 10. Qd2 Qc7 11. Bf4 Bd6 12. Bxd6 Qxd6 13. Rad1 h6 14. Qe3 Bxf3 15. Bxf3 O-O-O 16. Na4 g5 17. d5 exd5 18. Qxa7 g4 19. hxg4 h5 20. gxh5 Rdg8 21. g3 Nxh5 22. Bxh5 Rxg3+ 0-1

[Event "CAN-op"]
[Site "Victoria CAN"]
[Date "2012.07.09"]
[Round "3"]
[White "Chan, James"]
[Black "Calugar, Arthur"]
[Result "0-1"]
[WhiteElo "2051"]
[BlackElo "2273"]
[PlyCount "64"]
[GameId "2160767909442566"]
[EventDate "2012.07.08"]
[EventType "swiss"]
[EventRounds "9"]
[EventCountry "CAN"]
[SourceTitle "CBM 149 Extra"]
[Source "ChessBase"]
[SourceDate "2012.08.24"]
[SourceVersion "1"]
[SourceVersionDate "2012.08.24"]
[SourceQuality "1"]

1. e4 e6 2. d4 d5 3. e5 c5 4. c3 Nc6 5. Nf3 Qb6 6. a3 Bd7 7. b4 cxd4 8. cxd4 Rc8 9. Bb2 Na5 10. Nbd2 Nc4 11. Nxc4 dxc4 12. Qd2 Bc6 13. Be2 Nh6 14. O-O Be7 15. Rac1 Bd5 16. Bc3 Qc6 17. Ne1 Nf5 18. Bf3 O-O 19. Bxd5 Qxd5 20. Nc2 Rfd8 21. Rcd1 b5 22. Ne3 Qe4 23. Qc2 Qxc2 24. Nxc2 f6 25. g4 Nh4 26. f4 fxe5 27. dxe5 Rd3 28. Ba1 Bd8 29. Kh1 Bb6 30. Rde1 Rd2 31. Ne3 c3 32. Nd1 c2 0-1

[Event "CAN-op"]
[Site "Victoria CAN"]
[Date "2012.07.09"]
[Round "3"]
[White "Fedorowicz, John"]
[Black "Davies, Lucas"]
[Result "1/2-1/2"]
[WhiteElo "2440"]
[BlackElo "2174"]
[PlyCount "43"]
[GameId "2160767909442567"]
[EventDate "2012.07.08"]
[EventType "swiss"]
[EventRounds "9"]
[EventCountry "CAN"]
[SourceTitle "CBM 149 Extra"]
[Source "ChessBase"]
[SourceDate "2012.08.24"]
[SourceVersion "1"]
[SourceVersionDate "2012.08.24"]
[SourceQuality "1"]

1. d4 Nf6 2. Nf3 g6 3. c4 Bg7 4. g3 O-O 5. Bg2 d6 6. Nc3 Nc6 7. O-O a6 8. b3 Rb8 9. Nd5 e6 10. Nxf6+ Qxf6 11. Bb2 Qe7 12. e4 e5 13. d5 Nd8 14. Ne1 f5 15. exf5 Bxf5 16. Qd2 Nf7 17. f4 exf4 18. Bxg7 Kxg7 19. gxf4 Rbe8 20. Nf3 Qe3+ 21. Qxe3 Rxe3 22. Rfe1 1/2-1/2